ნორმალური ფორმატი
MARC ფორმატი
ჩანაწერი Personal Name
ჩანაწერთა რაოდენობა, რომელიც გამოყენებულია: 2
001 - CONTROL NUMBER
- control field: 26129
003 - CONTROL NUMBER IDENTIFIER
- control field: GE_BSU
005 - DATE AND TIME OF LATEST TRANSACTION
- control field: 20251029170534.0
008 - FIXED-LENGTH DATA ELEMENTS
- fixed length control field: 251029|| aca||aabn | a|a d
040 ## - CATALOGING SOURCE
- Original cataloging agency: GE_BSU
- Transcribing agency: GE_BSU
100 ## - HEADING--PERSONAL NAME
- Personal name: ჯიჯეიშვილი, მ.
670 ## - SOURCE DATA FOUND
- Source citation: Work cat.: (GE_BSU): ჯიჯეიშვილი, მ., საბჭოთა საქართველო სოციალისტური საზოგადოების სრულყოფის ეტაპზე (1971-1985 წ.წ.).
